| 000 | 00443nam a2200169 a 4500 | ||
|---|---|---|---|
| 001 | 157272 | ||
| 003 | OSt | ||
| 005 | 20211117132807.0 | ||
| 008 | 191119 ### HIN | ||
| 020 | _a9783035617238 | ||
| 082 |
_a720.1 _bB47S |
||
| 100 | _aBielefeld, Bert | ||
| 245 |
_aSpaces in architecture : areas, distances, dimensions _cby Bert Bielefeld |
||
| 260 |
_aSwitzerland _bBirkhauser _c2018 |
||
| 300 | _a163p. | ||
| 942 |
_2ddc _cBK |
||
| 999 |
_c19652 _d19652 |
||